<?xml version="1.0" encoding="UTF-8"?>
<collection xmlns="http://www.loc.gov/MARC21/slim">
 <record>
  <leader>01436nam a2200337   4500</leader>
  <controlfield tag="001">DLU180188581</controlfield>
  <controlfield tag="005">##20181113</controlfield>
  <datafield tag="020" ind1="#" ind2="#">
   <subfield code="a">9786049389917</subfield>
  </datafield>
  <datafield tag="040" ind1="#" ind2="#">
   <subfield code="a">DLU</subfield>
   <subfield code="b">vie</subfield>
  </datafield>
  <datafield tag="041" ind1="#" ind2="#">
   <subfield code="a">vie</subfield>
  </datafield>
  <datafield tag="044" ind1="#" ind2="#">
   <subfield code="a">vn</subfield>
  </datafield>
  <datafield tag="082" ind1="#" ind2="#">
   <subfield code="a">621.3</subfield>
   <subfield code="b">Hoi</subfield>
  </datafield>
  <datafield tag="245" ind1="#" ind2="#">
   <subfield code="a">Hỏi đáp về kỹ thuật điện ứng dụng /</subfield>
   <subfield code="c">Phạm Văn Khiết biên soạn; Bùi Đức Hùng, Nguyễn Vũ Thanh hiệu đính.</subfield>
  </datafield>
  <datafield tag="260" ind1="#" ind2="#">
   <subfield code="a">H. :</subfield>
   <subfield code="b">Bách khoa Hà Nội,</subfield>
   <subfield code="c">2017.</subfield>
  </datafield>
  <datafield tag="300" ind1="#" ind2="#">
   <subfield code="a">631 tr. :</subfield>
   <subfield code="b">minh họa;</subfield>
   <subfield code="c">24 cm.</subfield>
  </datafield>
  <datafield tag="505" ind1="#" ind2="#">
   <subfield code="a">Phần I. Kỹ thuật điện của hệ thống cung cấp điện và các khí cụ điện -- Phần II. Nguyên lý làm việc, kết cấu, cách vận hành, khởi động của động cơ ba pha và một pha -- Phần III. Kỹ thuật an toàn điện và hệ thống tiếp đất, kỹ thuật phòng chống sét, hệ số công suất điện, bảo vệ quá tải và ngắn mạch, các loại máy đo điện và kỹ thuật điện tử.</subfield>
  </datafield>
  <datafield tag="650" ind1="#" ind2="#">
   <subfield code="a">Kỹ thuật điện</subfield>
   <subfield code="v">Sách hỏi đáp.</subfield>
  </datafield>
  <datafield tag="700" ind1="#" ind2="#">
   <subfield code="a">Bùi Đức Hùng,</subfield>
   <subfield code="c">TS.</subfield>
   <subfield code="e">hiệu đính.</subfield>
  </datafield>
  <datafield tag="700" ind1="#" ind2="#">
   <subfield code="a">Nguyễn Vũ Thanh,</subfield>
   <subfield code="c">TS.</subfield>
   <subfield code="e">hiệu đính.</subfield>
  </datafield>
  <datafield tag="700" ind1="#" ind2="#">
   <subfield code="a">Phạm Văn Khiết,</subfield>
   <subfield code="c">KS.</subfield>
   <subfield code="e">biên soạn.</subfield>
  </datafield>
  <datafield tag="923" ind1="#" ind2="#">
   <subfield code="a">05/2018</subfield>
  </datafield>
  <datafield tag="991" ind1="#" ind2="#">
   <subfield code="a">SH</subfield>
  </datafield>
  <datafield tag="992" ind1="#" ind2="#">
   <subfield code="a">221000</subfield>
  </datafield>
  <datafield tag="994" ind1="#" ind2="#">
   <subfield code="a">DLU</subfield>
  </datafield>
  <datafield tag="900" ind1="#" ind2="#">
   <subfield code="a">True</subfield>
  </datafield>
  <datafield tag="911" ind1="#" ind2="#">
   <subfield code="a">Nguyễn Thanh Hương</subfield>
  </datafield>
  <datafield tag="925" ind1="#" ind2="#">
   <subfield code="a">G</subfield>
  </datafield>
  <datafield tag="926" ind1="#" ind2="#">
   <subfield code="a">A</subfield>
  </datafield>
  <datafield tag="927" ind1="#" ind2="#">
   <subfield code="a">SH</subfield>
  </datafield>
  <datafield tag="980" ind1="#" ind2="#">
   <subfield code="a">Thư viện Trường Đại học Đà Lạt</subfield>
  </datafield>
 </record>
</collection>
